Arquitectura gótica y pensmaiento escolástico / (Record no. 117500)

MARC details
000 -LEADER
campo de control de longitud fija 00805nam a2200217 4500
001 - NÚMERO DE CONTROL
campo de control 117500
003 - IDENTIFICADOR DE NÚMERO DE CONTROL
campo de control ES-MaACL
007 - CAMPO FIJO DE DESCRIPCIÓN FÍSICA--INFORMACIÓN GENERAL
campo de control de longitud fija t|
008 - DATOS DE LONGITUD FIJA--INFORMACIÓN GENERAL
campo de control de longitud fija 070214s1986 sp r ||||1| spa d
100 1# - ENTRADA PRINCIPAL--NOMBRE DE PERSONA
Nombre de persona Panofsky, Erwin.
9 (RLIN) 88811
245 10 - MENCIÓN DEL TÍTULO
Título Arquitectura gótica y pensmaiento escolástico /
Mención de responsabilidad, etc. Erwin Panofsky ; presentación de Francisco Calvo Serraller ; traducción de Julia Varela y Fernando Alvarez-Uría.
260 ## - PUBLICACIÓN, DISTRIBUCIÓN, ETC.
Lugar de publicación, distribución, etc. Madrid :
Nombre del editor, distribuidor, etc. La Piqueta,
Fecha de publicación, distribución, etc. 1986.
300 ## - DESCRIPCIÓN FÍSICA
Extensión 140 p. :
Otras características físicas il. ;
Dimensiones 20 cm.
490 1# - MENCIÓN DE SERIE
Mención de serie Genealogía del poder ;
Designación de volumen o secuencia 12
700 ## - ENTRADA AGREGADA--NOMBRE PERSONAL
Nombre de persona Calvo Serraller, Francisco,
Fechas asociadas al nombre 1948-2018
9 (RLIN) 235031
700 1# - ENTRADA AGREGADA--NOMBRE PERSONAL
Nombre de persona Varela, Julia.
9 (RLIN) 113140
700 1# - ENTRADA AGREGADA--NOMBRE PERSONAL
Nombre de persona Alvarez-Uría, Fernando
9 (RLIN) 179408
830 0# - PUNTO DE ACCESO ADICIONAL DE SERIE-TÍTULO UNIFORME
Título uniforme Genealogía del poder ;
Designación de volumen o secuencia 12
9 (RLIN) 179409
852 ## - LOCALIZACIÓN
Ubicación ES-MaACL
Número de control de estantería L-9975
Holdings
Estatus retirado Estado de pérdida Estado de daño No para préstamo Biblioteca de origen Biblioteca actual Ubicación en estantería Fecha de adquisición Fuente de adquisición Total de préstamos Signatura topográfica completa Código de barras Visto por última vez Precio de reemplazo Tipo de ítem Koha
        Biblioteca del Ateneo de Madrid Biblioteca del Ateneo de Madrid Depósito 2 17/01/2008     L-9975 1122501 23/02/2023 23/02/2023 Libro impreso